00395nam a22001457a 4500003000500000005001700005038001500022082001000037100002000047245008200067260003700149300001200186500001500198600003600213NUST20190624051130.0 aMr. Zahoor a621.3 aSaqib Ejaz Awan aAnalysis of EEG Signals for Detection of Epileptic Seizure /cSaqib Ejaz Awan aIslamabad :bCEME - NUST,c2015. a46 p. : aHard Bound 2Computer Engineering- MS Thesis